<?xml version="1.0" encoding="UTF-8"?>
<record
    xmlns:xsi="http://www.w3.org/2001/XMLSchema-instance"
    xsi:schemaLocation="http://www.loc.gov/MARC21/slim http://www.loc.gov/standards/marcxml/schema/MARC21slim.xsd"
    xmlns="http://www.loc.gov/MARC21/slim">

  <leader>01530nam2a2200241   4500</leader>
  <controlfield tag="001">rc\2662710</controlfield>
  <controlfield tag="005">20260315043817.0</controlfield>
  <datafield tag="035" ind1=" " ind2=" ">
    <subfield code="a">(NLR Aleph) 006969476</subfield>
  </datafield>
  <datafield tag="090" ind1=" " ind2=" ">
    <subfield code="a">13566324</subfield>
    <subfield code="c">13566324</subfield>
  </datafield>
  <datafield tag="100" ind1=" " ind2=" ">
    <subfield code="a">20110617d1934    u  y0rusy50      ca</subfield>
  </datafield>
  <datafield tag="101" ind1="0" ind2=" ">
    <subfield code="a">rus</subfield>
  </datafield>
  <datafield tag="102" ind1=" " ind2=" ">
    <subfield code="a">RU</subfield>
  </datafield>
  <datafield tag="105" ind1=" " ind2=" ">
    <subfield code="a">y   z   |||||</subfield>
  </datafield>
  <datafield tag="200" ind1="1" ind2=" ">
    <subfield code="a">&#x412;&#x43E;&#x43F;&#x440;&#x43E;&#x441;&#x44B; &#x442;&#x435;&#x445;&#x43D;&#x438;&#x43A;&#x438; &#x432;&#x43E;&#x437;&#x434;&#x435;&#x43B;&#x44B;&#x432;&#x430;&#x43D;&#x438;&#x44F; &#x441;&#x435;&#x43B;&#x44C;&#x441;&#x43A;&#x43E;&#x445;&#x43E;&#x437;&#x44F;&#x439;&#x441;&#x442;&#x432;&#x435;&#x43D;&#x43D;&#x44B;&#x445; &#x43A;&#x443;&#x43B;&#x44C;&#x442;&#x443;&#x440; &#x43D;&#x430; &#x431;&#x43E;&#x43B;&#x43E;&#x442;&#x43D;&#x44B;&#x445; &#x43F;&#x43E;&#x447;&#x432;&#x430;&#x445;</subfield>
    <subfield code="f">&#x421;&#x435;&#x432;.-&#x417;&#x430;&#x43F;. &#x43D;&#x430;&#x443;&#x447;.-&#x438;&#x441;&#x441;&#x43B;&#x435;&#x434;. &#x438;&#x43D;-&#x442; &#x433;&#x438;&#x434;&#x440;&#x43E;&#x442;&#x435;&#x445;&#x43D;&#x438;&#x43A;&#x438; &#x438; &#x43C;&#x435;&#x43B;&#x438;&#x43E;&#x440;&#x430;&#x446;&#x438;&#x438; &#x412;&#x441;&#x435;&#x441;&#x43E;&#x44E;&#x437;. &#x430;&#x43A;&#x430;&#x434;. &#x441;.-&#x445;. &#x43D;&#x430;&#x443;&#x43A; &#x438;&#x43C;. &#x412;.&#x418;. &#x41B;&#x435;&#x43D;&#x438;&#x43D;&#x430;</subfield>
  </datafield>
  <datafield tag="210" ind1=" " ind2=" ">
    <subfield code="d">1934</subfield>
  </datafield>
  <datafield tag="300" ind1=" " ind2=" ">
    <subfield code="a">&#x417;&#x430;&#x433;&#x43B;.: &#x412;&#x44B;&#x432;&#x43E;&#x434;&#x44B; &#x438;&#x437; &#x440;&#x430;&#x431;&#x43E;&#x442; &#x421;.-&#x417;. &#x41D;&#x418;&#x418;&#x413;&#x41C;</subfield>
  </datafield>
  <datafield tag="461" ind1=" " ind2="0">
    <subfield code="1">001rc\2662704</subfield>
    <subfield code="1">2001#$a&#x412;&#x44B;&#x432;&#x43E;&#x434;&#x44B; &#x438;&#x437; &#x440;&#x430;&#x431;&#x43E;&#x442; &#x41B;&#x415;&#x417;&#x41E;&#x41C;&#x421;$e&#x421;&#x435;&#x440;&#x438;&#x44F; 2. &#x2116; 4-12$f&#x41D;&#x430;&#x440;&#x43A;&#x43E;&#x43C;&#x437;&#x435;&#x43C; &#x421;&#x421;&#x421;&#x420;. &#x41B;&#x435;&#x43D;&#x438;&#x43D;&#x433;&#x440;. &#x437;&#x43E;&#x43D;&#x430;&#x43B;&#x44C;&#x43D;&#x430;&#x44F; &#x43E;&#x43F;&#x44B;&#x442;&#x43D;&#x43E;-&#x43C;&#x435;&#x43B;&#x438;&#x43E;&#x440;&#x430;&#x442;&#x438;&#x432;&#x43D;&#x430;&#x44F; &#x441;&#x442;&#x430;&#x43D;&#x446;&#x438;&#x44F;$v&#x412;&#x44B;&#x43F;. 9</subfield>
    <subfield code="9">5425627</subfield>
    <subfield code="a">&#x421;&#x435;&#x432;&#x435;&#x440;&#x43D;&#x44B;&#x439; &#x43D;&#x430;&#x443;&#x447;&#x43D;&#x43E;-&#x438;&#x441;&#x441;&#x43B;&#x435;&#x434;&#x43E;&#x432;&#x430;&#x442;&#x435;&#x43B;&#x44C;&#x441;&#x43A;&#x438;&#x439; &#x438;&#x43D;&#x441;&#x442;&#x438;&#x442;&#x443;&#x442; &#x433;&#x438;&#x434;&#x440;&#x43E;&#x442;&#x435;&#x445;&#x43D;&#x438;&#x43A;&#x438; &#x438; &#x43C;&#x435;&#x43B;&#x438;&#x43E;&#x440;&#x430;&#x446;&#x438;&#x438; (&#x41B;&#x435;&#x43D;&#x438;&#x43D;&#x433;&#x440;&#x430;&#x434;)</subfield>
    <subfield code="c">[&#x41B;&#x435;&#x43D;&#x438;&#x43D;&#x433;&#x440;&#x430;&#x434;]</subfield>
    <subfield code="d">1931-1935</subfield>
    <subfield code="f">&#x41D;&#x430;&#x440;&#x43A;&#x43E;&#x43C;&#x437;&#x435;&#x43C; &#x421;&#x421;&#x421;&#x420;. &#x41B;&#x435;&#x43D;&#x438;&#x43D;&#x433;&#x440;. &#x437;&#x43E;&#x43D;&#x430;&#x43B;&#x44C;&#x43D;&#x430;&#x44F; &#x43E;&#x43F;&#x44B;&#x442;&#x43D;&#x43E;-&#x43C;&#x435;&#x43B;&#x438;&#x43E;&#x440;&#x430;&#x442;&#x438;&#x432;&#x43D;&#x430;&#x44F; &#x441;&#x442;&#x430;&#x43D;&#x446;&#x438;&#x44F;</subfield>
    <subfield code="n">&#x421;&#x435;&#x43B;&#x44C;&#x43A;&#x43E;&#x43B;&#x445;&#x43E;&#x437;&#x433;&#x438;&#x437;</subfield>
    <subfield code="o">&#x421;&#x435;&#x440;&#x438;&#x44F; 2. &#x2116; 4-12</subfield>
    <subfield code="t">&#x412;&#x44B;&#x432;&#x43E;&#x434;&#x44B; &#x438;&#x437; &#x440;&#x430;&#x431;&#x43E;&#x442; &#x41B;&#x415;&#x417;&#x41E;&#x41C;&#x421;</subfield>
    <subfield code="v">&#x412;&#x44B;&#x43F;. 9</subfield>
  </datafield>
  <datafield tag="700" ind1=" " ind2="1">
    <subfield code="a">&#x422;&#x443;&#x440;&#x43D;&#x430;&#x441;</subfield>
    <subfield code="b">&#x41F;.&#x410;.</subfield>
  </datafield>
  <datafield tag="801" ind1=" " ind2="0">
    <subfield code="a">RU</subfield>
    <subfield code="b">NLR</subfield>
    <subfield code="g">psbo</subfield>
  </datafield>
  <datafield tag="801" ind1=" " ind2="1">
    <subfield code="a">RU</subfield>
    <subfield code="b">ELAR</subfield>
    <subfield code="2">rusmarc</subfield>
  </datafield>
  <datafield tag="852" ind1=" " ind2=" ">
    <subfield code="a">NLR</subfield>
    <subfield code="j">32-15/40</subfield>
  </datafield>
  <datafield tag="942" ind1=" " ind2=" ">
    <subfield code="c">UNSPEC</subfield>
  </datafield>
  <datafield tag="980" ind1=" " ind2=" ">
    <subfield code="a">NB</subfield>
  </datafield>
</record>
